Obtaining hydrogen fluoride from waste aluminium industry; Методология проектирования молодежного научно-инновационного пространства для российской энергетики

Detalles Bibliográficos
Parent link:Методология проектирования молодежного научно-инновационного пространства для российской энергетики.— 2013.— [С. 212-215]
Autor Principal: Ushakov Y. V.
Autor Corporativo: Национальный исследовательский Томский политехнический университет (ТПУ) Физико-технический институт (ФТИ) Кафедра химической технологии редких, рассеянных и радиоактивных элементов (№ 43) (ХТРЭ)
Outros autores: Gulyaev V. Y. (научный консультант), Grigorieva E. O., Petlin I. V. Ilya Vladimirovich
Summary:Заглавие с экрана
A method for comprehensive recycling aluminum industry to produce hydrogen fluoride, aluminum oxide, sodium sulphate and coal crumbs was considered. The reasoning of the possibility of transition to a new production of hydrofluoric kind of stuff - cryolite containing waste, which can save considerable resources in production and processing of fluorite ores and significantly reduce the negative environmental factors of aluminum production was done. The thermodynamic parameters of the process sulphatization cryolite containing wastes issuing the heat of reaction and the energy costs of the process, in comparison with the existing technology of production of anhydrous hydrogen fluoride were calculated.
Idioma:inglés
Publicado: 2013
Series:Nuclear technologies as integral part of engineering sciencein the modern world
Subjects:
Acceso en liña:http://www.lib.tpu.ru/fulltext/c/2013/C07/055.pdf
Formato: MixedMaterials Electrónico Capítulo de libro
KOHA link:https://koha.lib.tpu.ru/cgi-bin/koha/opac-detail.pl?biblionumber=241957

MARC

LEADER 00000naa2a2200000 4500
001 241957
005 20251218132025.0
035 |a (RuTPU)RU\TPU\book\263251 
035 |a RU\TPU\book\263247 
090 |a 241957 
100 |a 20130821d2013 k y0rusy50 ba 
101 0 |a eng 
102 |a RU 
135 |a drcn ---uucaa 
200 1 |a Obtaining hydrogen fluoride from waste aluminium industry  |f Y. V. Ushakov, V. Y. Gulyaev, E. O. Grigorieva  |g sci. adv. I. V. Petlin 
215 |a 1 файл(258 Кб) 
225 1 |a Nuclear technologies as integral part of engineering sciencein the modern world 
300 |a Заглавие с экрана 
320 |a [Библиогр.: с. 215 (6 назв.)] 
330 |a A method for comprehensive recycling aluminum industry to produce hydrogen fluoride, aluminum oxide, sodium sulphate and coal crumbs was considered. The reasoning of the possibility of transition to a new production of hydrofluoric kind of stuff - cryolite containing waste, which can save considerable resources in production and processing of fluorite ores and significantly reduce the negative environmental factors of aluminum production was done. The thermodynamic parameters of the process sulphatization cryolite containing wastes issuing the heat of reaction and the energy costs of the process, in comparison with the existing technology of production of anhydrous hydrogen fluoride were calculated. 
337 |a Adobe Reader 
463 1 |0 (RuTPU)RU\TPU\book\258133  |t Методология проектирования молодежного научно-инновационного пространства для российской энергетики  |l Strategy design of youth science and innovation environment for modern engineer training  |o сборник научных трудов Международной молодежной научной школы, г. Томск, 27 - 29 марта 2013 г.  |f Национальный исследовательский Томский политехнический университет (ТПУ)  |v [С. 212-215]  |d 2013 
610 1 |a электронный ресурс 
610 1 |a труды учёных ТПУ 
610 1 |a hydrogen 
610 1 |a fluorine 
610 1 |a aluminum 
610 1 |a industry 
700 1 |a Ushakov  |b Y. V. 
701 1 |a Gulyaev  |b V. Y. 
701 1 |a Grigorieva  |b E. O. 
702 1 |a Petlin  |b I. V.  |c Chemical Engineer  |c Associate Professor of Tomsk Polytechnic University, Candidate of Sciences  |f 1987-  |g Ilya Vladimirovich  |3 (RuTPU)RU\TPU\pers\31227  |4 695  |9 15422 
712 0 2 |a Национальный исследовательский Томский политехнический университет (ТПУ)  |b Физико-технический институт (ФТИ)  |b Кафедра химической технологии редких, рассеянных и радиоактивных элементов (№ 43) (ХТРЭ)  |3 (RuTPU)RU\TPU\col\18733 
801 1 |a RU  |b 63413507  |c 20101016 
801 2 |a RU  |b 63413507  |c 20220328  |g RCR 
856 4 |u http://www.lib.tpu.ru/fulltext/c/2013/C07/055.pdf 
942 |c CF